<?xml version="1.0" encoding="UTF-8"?>
<record
    xmlns:xsi="http://www.w3.org/2001/XMLSchema-instance"
    xsi:schemaLocation="http://www.loc.gov/MARC21/slim http://www.loc.gov/standards/marcxml/schema/MARC21slim.xsd"
    xmlns="http://www.loc.gov/MARC21/slim">

  <leader>02404cam a2200313 i 4500</leader>
  <controlfield tag="001">TB12854</controlfield>
  <controlfield tag="003">IN-BhIIT</controlfield>
  <controlfield tag="005">20260617124915.0</controlfield>
  <controlfield tag="008">130621s2014    enka     b    001 0 eng  </controlfield>
  <datafield tag="020" ind1=" " ind2=" ">
    <subfield code="a">9781118581575 (hbk.)</subfield>
  </datafield>
  <datafield tag="040" ind1=" " ind2=" ">
    <subfield code="a">IN-BhIIT</subfield>
  </datafield>
  <datafield tag="041" ind1="1" ind2=" ">
    <subfield code="a">eng</subfield>
  </datafield>
  <datafield tag="082" ind1="0" ind2="0">
    <subfield code="a">621.31042</subfield>
    <subfield code="b">PYR/D</subfield>
  </datafield>
  <datafield tag="100" ind1="1" ind2=" ">
    <subfield code="a">Pyrhonen, Juha.</subfield>
    <subfield code="e">Author</subfield>
    <subfield code="9">15067</subfield>
  </datafield>
  <datafield tag="245" ind1="1" ind2="0">
    <subfield code="a">Design of rotating electrical machines /</subfield>
    <subfield code="c">Juha Pyrhonen; Tapani Jokinen and Valeria Hrabovcova.</subfield>
  </datafield>
  <datafield tag="250" ind1=" " ind2=" ">
    <subfield code="a">2nd ed.</subfield>
  </datafield>
  <datafield tag="260" ind1=" " ind2=" ">
    <subfield code="a">United Kingdom :</subfield>
    <subfield code="b">John Wiley &amp; Sons, Ltd.,</subfield>
    <subfield code="c">2014.</subfield>
  </datafield>
  <datafield tag="300" ind1=" " ind2=" ">
    <subfield code="a">xxvii, 584 p. ;</subfield>
    <subfield code="b">ill. ;</subfield>
    <subfield code="c">25 cm.</subfield>
  </datafield>
  <datafield tag="504" ind1=" " ind2=" ">
    <subfield code="a">Includes bibliographical references and index.</subfield>
  </datafield>
  <datafield tag="520" ind1=" " ind2=" ">
    <subfield code="a">"This book is an in-depth essential reference of rotating electrical machine design theory and application.  In the first part of the book the general theory governing the design of an electrical machine is presented; addressing the necessary fundamentals of electromagnetic theory; exploring possible winding arrangements and resistances; describing the behaviour of the magnetic circuit and flux leakage.  After this introduction of principles the main body of the book focuses on the design of a rotating electrical machine.  The book defines basic characteristics such as machine type (e.g. synchronous, asynchronous, DC and doubly salient reluctance machines) and type of construction (e.g. external pole, internal pole, axial flux and radial flux machines).  It then moves on to provide a detailed analysis of the design process and properties of rotating electrical machines including the insulation and heat removal options.  The book illustrates the necessary analytical calculations for machine design through direct design examples i.e. a permanent magnet motor for normal speeds with rotor surface magnets, traditional squirrel cage induction motor, a low speed high torque fractional slot permanent magnet motor etc. "--</subfield>
  </datafield>
  <datafield tag="520" ind1=" " ind2=" ">
    <subfield code="a">"This book is an in-depth essential reference of rotating electrical machine design theory and application"--</subfield>
  </datafield>
  <datafield tag="650" ind1=" " ind2="0">
    <subfield code="a">Electric machinery</subfield>
    <subfield code="x">Design and construction.</subfield>
    <subfield code="9">28002</subfield>
  </datafield>
  <datafield tag="650" ind1=" " ind2="0">
    <subfield code="a">Electric generators</subfield>
    <subfield code="x">Design and construction.</subfield>
    <subfield code="9">28003</subfield>
  </datafield>
  <datafield tag="650" ind1=" " ind2="0">
    <subfield code="a">Electric motors</subfield>
    <subfield code="x">Design and construction.</subfield>
    <subfield code="9">28004</subfield>
  </datafield>
  <datafield tag="650" ind1=" " ind2="0">
    <subfield code="a">Rotational motion.</subfield>
    <subfield code="9">28005</subfield>
  </datafield>
  <datafield tag="700" ind1="1" ind2=" ">
    <subfield code="a">Jokinen, Tapani,</subfield>
    <subfield code="e">Joint author</subfield>
    <subfield code="9">28006</subfield>
  </datafield>
  <datafield tag="700" ind1="1" ind2=" ">
    <subfield code="a">Hrabovcova, Valeria.</subfield>
    <subfield code="e">Joint author</subfield>
    <subfield code="9">15070</subfield>
  </datafield>
  <datafield tag="942" ind1=" " ind2=" ">
    <subfield code="c">TB</subfield>
  </datafield>
  <datafield tag="999" ind1=" " ind2=" ">
    <subfield code="c">15556</subfield>
    <subfield code="d">15556</subfield>
  </datafield>
  <datafield tag="952" ind1=" " ind2=" ">
    <subfield code="0">0</subfield>
    <subfield code="1">0</subfield>
    <subfield code="2">ddc</subfield>
    <subfield code="4">0</subfield>
    <subfield code="7">0</subfield>
    <subfield code="8">SECS</subfield>
    <subfield code="a">CLIITBBS</subfield>
    <subfield code="b">CLIITBBS</subfield>
    <subfield code="c">TB</subfield>
    <subfield code="d">2026-06-16</subfield>
    <subfield code="e">26</subfield>
    <subfield code="g">11480.04</subfield>
    <subfield code="l">0</subfield>
    <subfield code="o">621.31042 PYR/D</subfield>
    <subfield code="p">TB12854</subfield>
    <subfield code="r">2026-06-16 00:00:00</subfield>
    <subfield code="v">15726.08</subfield>
    <subfield code="w">2026-06-16</subfield>
    <subfield code="y">TB</subfield>
  </datafield>
</record>
